| 000 | 00445nam a2200181Ia 4500 | ||
|---|---|---|---|
| 001 | 3453 | ||
| 005 | 20260306145644.0 | ||
| 008 | 260306t1990||||xx |||||||||||||| ||spa|| | ||
| 041 | _aESP | ||
| 082 |
_a279 _bLL758 T. 1 |
||
| 100 |
_aLlorca, Bernardino _eAUT |
||
| 245 | 0 |
_aHistoria de la iglesia católica: _bedad antigua |
|
| 260 | _c1990 | ||
| 300 |
_a884 páginas : _c20 cm. |
||
| 650 | _aGEN | ||
| 654 | _aCHU | ||
| 942 |
_cLIB _dJUS _fJUS _2ddc _n |
||
| 999 |
_c3453 _d3453 |
||